[Event "Imperia op-A 46th"]
[Site "Imperia"]
[Date "2004.09.12"]
[Round "9"]
[White "Blasco, Domenico"]
[Black "Fornaro, Alberto"]
[Result "1-0"]
[WhiteElo "2033"]
[BlackElo "2002"]
[PlyCount "71"]
[EventDate "2004.09.05"]
[EventType "swiss"]
[EventRounds "9"]
[EventCountry "ITA"]
[SourceTitle "EXT 2005"]
[Source "ChessBase"]
[SourceDate "2004.11.15"]
[SourceVersion "1"]
[SourceVersionDate "2004.11.15"]
[SourceQuality "1"]

1. d4 f5 2. Bg5 c6 3. c4 Nf6 4. Bxf6 exf6 5. Nc3 Bb4 6. Qc2 d5 7. e3 Be6 8. c5 0-0 9. Bd3 g6 10. Nge2 Na6 11. a3 Bxc3+ 12. Qxc3 Nc7 13. Nf4 Bf7 14. h4 Qd7 15. Qc2 Ne6 16. g3 Nxf4 17. gxf4 h5 18. 0-0-0 Kh7 19. Rhg1 Rg8 20. Rg3 b5 21. Rdg1 Rae8 22. Kb1 Re4 23. Bxe4 dxe4 24. Kc1 a5 25. Qc3 Qd8 26. Kd2 a4 27. Ke2 Bd5 28. Kf1 Kh6 29. Kg2 g5 30. fxg5+ fxg5 31. Rxg5 Rxg5+ 32. hxg5+ Qxg5+ 33. Kf1 Bc4+ 34. Qxc4 Qxg1+ 35. Kxg1 bxc4 36. d5 1-0

[Event "Imperia op-A 41st"]
[Site "Imperia"]
[Date "1999.09.01"]
[Round "5.30"]
[White "Fornaro, Alberto"]
[Black "Blasco, Domenico"]
[Result "0-1"]
[WhiteElo "2021"]
[BlackElo "2111"]
[PlyCount "30"]
[EventDate "1999.08.29"]
[EventType "swiss"]
[EventRounds "9"]
[EventCountry "ITA"]
[SourceTitle "EXT 2024"]
[Source "ChessBase"]
[SourceDate "2023.10.10"]
[SourceVersion "1"]
[SourceVersionDate "2023.10.10"]
[SourceQuality "1"]

1. d4 Nf6 2. Nf3 c5 3. c3 Qb6 4. Qb3 e6 5. Nbd2 d5 6. g3 Nc6 7. e3 Qc7 8. Bg2 b6 9. 0-0 Bd6 10. Re1 Bb7 11. c4 0-0 12. cxd5 exd5 13. Qc3 Rfe8 14. b3 cxd4 15. Nxd4 Nxd4 0-1

[Event "Imperia op-A 41st"]
[Site "Imperia"]
[Date "1999.08.30"]
[Round "2.26"]
[White "Fornaro, Alberto"]
[Black "Melich, Jindrich"]
[Result "1/2-1/2"]
[WhiteElo "2021"]
[BlackElo "2160"]
[PlyCount "35"]
[EventDate "1999.08.29"]
[EventType "swiss"]
[EventRounds "9"]
[EventCountry "ITA"]
[SourceTitle "EXT 2024"]
[Source "ChessBase"]
[SourceDate "2023.10.10"]
[SourceVersion "1"]
[SourceVersionDate "2023.10.10"]
[SourceQuality "1"]

1. d4 c5 2. c3 e6 3. Nf3 Nf6 4. Bf4 Nc6 5. e3 Be7 6. h3 0-0 7. Bd3 d5 8. Nbd2 b6 9. 0-0 Bb7 10. Qe2 Bd6 11. Bxd6 Qxd6 12. Rad1 Rfd8 13. e4 dxe4 14. Nxe4 Nxe4 15. Bxe4 Qe7 16. dxc5 Qxc5 17. Rxd8+ Rxd8 18. Rd1 1/2-1/2